1 Million+ Population Coastal Agglomerations Quiz Stats

 Plays Quiz not verified by Sporcle

Challenge
Share
Tweet
Score 0/164 Timer 20:00
0 Plays Today
Population Agglo % Correct
34,400,000Tokyo
98.2%
5,650,000Miami
95.9%
22,000,000New York
95.8%
12,600,000Rio de Janeiro
94.4%
18,100,000Los Angeles
94.2%
4,675,000Sydney
92.6%
4,125,000Seattle
92.4%
23,200,000Mumbai
92.3%
7,500,000San Francisco
92.2%
24,900,000Shanghai
91.9%
7,100,000Hong Kong
91.8%
7,400,000Boston
91.4%
19,000,000Jakarta
91.2%
25,200,000Seoul
91%
4,525,000Barcelona
90.9%
13,200,000Istanbul
90.8%
3,475,000Athens
90.5%
16,800,000Osaka
90.5%
4,000,000Cape Town
90.5%
4,725,000Alexandria
88%
3,150,000San Diego
87.6%
20,400,000Manila
86.9%
6,450,000Singapore
86.4%
9,550,000Bangkok
86.4%
4,200,000Melbourne
86.1%
2,450,000Vancouver
86.1%
8,600,000Washington-Baltimore
85.8%
2,075,000Stockholm
85.8%
3,300,000Rome
85.6%
1,760,000Perth
85.5%
5,050,000St. Petersburg
85.3%
12,400,000Lagos
85.2%
2,550,000Lisbon
84.9%
17,100,000Karachi
84.7%
14,200,000Buenos Aires
84.6%
3,325,000Algiers
83.5%
9,300,000Lima
83.2%
6,150,000Houston
82.5%
4,150,000Naples
82.2%
1,190,000New Orleans
81.7%
2,350,000Tel Aviv
81.2%
2,225,000Havana
81.1%
1,240,000Tripoli
80.9%
1,950,000Amsterdam
80.9%
4,075,000Casablanca
80.6%
1,680,000Dubai
80.5%
2,850,000Tampa
80.3%
7,700,000Ho Chi Minh
79.6%
8,850,000Taipei
79.6%
2,400,000Tunis
79.4%
1,170,000Porto
79.2%
1,110,000Dublin
79%
1,450,000Copenhagen
78.8%
1,600,000Marseille
78.4%
1,130,000Helsinki
78.4%
Population Agglo % Correct
2,100,000Brisbane
77.8%
2,775,000Dakar
77%
1,390,000Auckland
76.5%
1,220,000Adelaide
75.7%
3,750,000Accra
75.4%
1,950,000Rabat
74.8%
25,400,000Guangzhou
72.5%
5,000,000Luanda
72.5%
8,650,000Chennai
72.1%
3,425,000Santo Domingo
72.1%
2,825,000Rotterdam-Hague
72%
1,300,000Beirut
71.5%
1,290,000Panama City
71.5%
3,775,000Durban
71.4%
3,650,000Pusan
71.1%
2,550,000Port-au-Prince
69.9%
3,675,000Kuwait City
69.9%
1,760,000Montevideo
69.7%
2,525,000Sapporo
68.4%
3,950,000Recife
67.9%
1,560,000Mogadishu
67.4%
1,700,000Valencia
67.2%
1,990,000Maputo
66.2%
4,575,000Abidjan
66%
3,700,000Salvador
65.2%
1,380,000Jacksonville
64.5%
3,425,000Dar es Salaam
63.9%
2,650,000Colombo
62.9%
2,875,000Izmir
62.4%
1,270,000Freetown
61.9%
8,400,000Nagoya
61.4%
4,150,000Porto Alegre
60.6%
3,700,000Jiddah
59.9%
1,350,000Liverpool
59.2%
1,180,000Monrovia
58.1%
1,560,000Doha
56.9%
1,860,000Hiroshima
55.4%
1,010,000Nice
55.2%
1,730,000Conakry
54.5%
2,200,000Belem
54.3%
4,775,000Chittagong
54%
9,750,000Tianjin
53%
9,650,000Shenzhen
52.9%
1,390,000Lome
52.9%
1,090,000Port Elizabeth
52.6%
1,860,000Tijuana
52%
2,450,000Douala
51.8%
1,690,000Virginia Beach
51.5%
3,800,000Fortaleza
51.2%
2,550,000San Juan
49.9%
2,700,000Medan
48.1%
2,550,000Cebu
48.1%
1,160,000Oran
47.2%
2,900,000Surabaya
46.8%
1,960,000Maracaibo
43.9%
Population Agglo % Correct
3,950,000Qingdao
43.3%
3,600,000Dalian
42.5%
1,280,000Manama
42.5%
2,475,000Fukuoka
41.9%
1,490,000Davao
41.9%
4,325,000Surat
41.8%
1,100,000Newcastle
39.8%
1,320,000Natal
38.8%
3,100,000Fuzhou
37.5%
1,380,000Sao Luis
33.7%
1,900,000Barranquilla
32.7%
1,560,000Sendai
30.6%
1,210,000Cartagena
30.5%
1,640,000Gaza
30.1%
1,120,000Valparaiso
29.4%
2,775,000Kaohsiung
28.6%
1,010,000Antalya
28.6%
1,780,000Santos
28.6%
1,200,000Cotonou
28.5%
1,410,000Georgetown
26.3%
2,400,000Xiamen
25.1%
2,250,000Ningbo
24.5%
2,125,000Dammam
23.4%
1,280,000Tainan
22.7%
1,220,000Maceio
22.5%
1,650,000Kochi
21.7%
1,790,000Vitoria
19.9%
1,420,000Haikou
19.5%
4,575,000Shantou
18.9%
1,150,000Naha
18.8%
2,300,000Taichung
18.4%
1,410,000Makasar
18.1%
1,220,000Sharjah
17.4%
1,570,000Kitakyushu
16.8%
2,675,000Wenzhou
16.6%
1,060,000Florianopolis
16.3%
2,050,000Quanzhou
15.2%
1,140,000Ulsan
13.7%
1,540,000Yantai
13.4%
1,620,000Semarang
13.2%
1,120,000Joao Pessoa
12.4%
1,680,000Visakhapatnam
12%
1,040,000Batam
10.9%
1,420,000Okayama
9.4%
1,110,000Kumamoto
9%
1,110,000Hamamatsu
8.5%
1,350,000Cixi
6%
1,110,000Thiruvananthapuram
5%
1,130,000Himeji
4.9%
1,460,000Zhuhai
4.7%
1,030,000Kozhikode
4.7%
1,090,000Changwon
3.9%
1,100,000Zhanjiang
3.8%
1,040,000Shaoxing
1.5%

You're not logged in!

Compare scores with friends on all Sporcle quizzes.
Join for Free
OR
Log In

You Might Also Like...

Show Comments

Extras

Top Quizzes Today


Score Distribution

Your Account Isn't Verified!

In order to create a playlist on Sporcle, you need to verify the email address you used during registration. Go to your Sporcle Settings to finish the process.

Report this User

Report this user for behavior that violates our Community Guidelines.

Details: